00422nam a2200109Ia 4500008004100000245006700041260000900108300008000117650002400197999001900221952007200240180130s9999 xx 000 0 und d cNoel, XavieraAlcoholism: an impulsive/disinhibition disorder? c2015 aBook title: Modern clinical psychology--Acession number C20492; pages 23-42 aCLINICAL PSYCHOLOGY c354059d354059 001040aCLbCLd2018-01-30l0r2018-01-30 00:00:00w2018-01-30yBC